|
|
|
|
| LEADER |
00000nab a2200000 ar4500 |
| 001 |
vtls010098296 |
| 003 |
SK-MaSNL |
| 005 |
20260318132730.0 |
| 008 |
100521c20100429xo |||||||| 000 b|hun |
| 015 |
|
|
|a SNBRB2010/05
|2 snkbucl
|
| 038 |
|
|
|a SNKBUCL
|
| 040 |
|
|
|a DSZK
|b slo
|c DSZK
|e AACR2
|
| 041 |
0 |
|
|a hun
|
| 044 |
|
|
|a xo
|c SK
|
| 080 |
|
|
|a 373.3
|x (=511.141)
|x (437.6)
|2 2001
|
| 080 |
|
|
|a 371.263
|x (437.6)
|2 2001
|
| 100 |
1 |
|
|a Mózes, Szabolcs,
|d 1979-
|4 ivr
|4 aut
|9 1034470
|
| 245 |
1 |
0 |
|a Nyílt titok, hogy ha nem tudnak eleget a diákok, akkor besegít a tanár
|b a kilencedikesek tesztelése idén közel 10 millió euróba került – egyes vélemények szerint a reális eredmény 20 százalékkal is rosszabb lehet
|c Mózes Szabolcs
|
| 300 |
|
|
|b Fotogr., tab.
|
| 600 |
1 |
7 |
|a Angyal, Péter
|2 snkbucl
|9 1036594
|
| 648 |
|
7 |
|a 2010
|2 snkbucl
|9 324355
|
| 650 |
0 |
7 |
|a základné školy s vyučovacím jazykom maďarským
|2 snkbucl
|9 87207
|
| 650 |
0 |
7 |
|a hodnotenie žiakov
|2 SNKPH
|9 3929
|
| 650 |
0 |
7 |
|a úroveň vedomostí
|2 snkbucl
|9 473701
|
| 650 |
0 |
7 |
|a vedomostné testy
|x základné školy
|x 9. roč.
|2 snkbucl
|9 1042596
|
| 650 |
0 |
7 |
|a Testovanie 9/2010
|2 snkbucl
|9 1223559
|
| 655 |
|
7 |
|a názory
|2 snkbucl
|9 314429
|
| 773 |
0 |
|
|t Új szó
|g Évf. 63, sz. 98 (29.4.2010), o. 3
|x 1335-7050
|
| 852 |
|
|
|a SNK
|b KIS3GCP
|
| 852 |
|
|
|a DSZK
|b KIS3GCP
|
| 958 |
|
|
|a HU
|
| 958 |
|
|
|a SK
|
| 999 |
|
|
|c 2149079
|d 2151009
|